00802nam a22001457a 4500008004100000020001500041050002200056100003800078245007600116250001800192260002800210300002600238505035600264650003600620130911t2009 mx ||||| |||| 00| 0 spa d a9700762203 aPQ7244 bC35 2009 0aCano Bonilla, Elsa Maríaeautor10aManual práctico de literatura universal c/ Elsa María Cano Bonilla a5a. edición aMexicob: Porruac,2009 a126 páginasc21 cm. aLa belleza, el arte, la obra literaria, la literatura de la India, las literaturas clásicas (literatura griega y latina), La Edad Media, El Renacimiento, el clasicismo francés, el siglo XVIII: del neoclasicismo al romanticismo, siglo XIX: el Romanticismo, siglo XIX: El realismo, Siglo XX: la lírica, Siglo XX: la narrativa, Siglo XX: el Teatro. 2LITERATURA UNIVERSALx HISTORIA